| 000 | 01184nam0a22003011 4500 | ||
|---|---|---|---|
| 001 | rc\2141293 | ||
| 005 | 20110826155434.1 | ||
| 035 | _a(NLR Aleph) 006532516 | ||
| 090 |
_a6549064 _c6549064 |
||
| 100 | _a20110826d1979 |||y0rusy50 ca | ||
| 101 | 0 | _arus | |
| 102 | _aRU | ||
| 105 | _ay z ||||| | ||
| 200 | 1 |
_aМетодика телевизионной журналистики _eУчеб.-метод. пособие для студентов заоч. отд-ний фак. журналистики |
|
| 210 |
_aМосква _cИзд-во МГУ _d1979 |
||
| 215 |
_a47 с. _d21 |
||
| 300 | _aВ надзаг.: Науч.-метод. каб. по заоч. и веч. обучению МГУ им. М.В. Ломоносова | ||
| 320 | _aБиблиогр. в конце разделов | ||
| 606 |
_aТелевизионная журналистика _2psbo |
||
| 686 |
_aЧ632.1,6(2)я738-1 _2rubbk |
||
| 700 | 1 |
_aКузнецов _bГ. В. _gГеоргий Владимирович |
|
| 801 | 0 |
_aRU _bNLR _gpsbo |
|
| 801 | 1 |
_aRU _bELAR _2rusmarc |
|
| 852 |
_aNLR _j79-6/2939 |
||
| 899 |
_aRuMoRGB _jБ 79-7/253 |
||
| 899 |
_aRuMoRGB _jБ 79-7/254 |
||
| 942 | _cBOOK | ||
| 980 | _aNB | ||